| Tag |
First Indicator |
Second Indicator |
Subfields |
| LEADER |
00000cam a2200000 a 4500 |
| 001 |
in00000009159 |
| 005 |
20151007051503.0 |
| 008 |
870408s1987 nyua b 00100 eng |
| 010 |
|
|
|a 87011589
|
| 020 |
|
|
|a 0275925765 (alk. paper) :
|c $38.85
|
| 020 |
|
|
|a 0275926389 (pbk. : alk. paper) :
|c $13.85
|
| 035 |
|
|
|a (OCoLC)15592437
|
| 035 |
|
|
|9 AAA3234AM
|
| 040 |
|
|
|a DLC
|c DLC
|d TXA
|d UtOrBLW
|
| 049 |
|
|
|a TXAM
|c [A12636898]
|
| 050 |
0 |
0 |
|a HM24
|b .R39 1987
|
| 082 |
0 |
|
|a 301/.01
|2 19
|
| 245 |
0 |
0 |
|a Recapturing Marxism :
|b an appraisal of recent trends in sociological theory /
|c edited by Rhonda F. Levine and Jerry Lembcke.
|
| 264 |
|
1 |
|a New York :
|b Praeger,
|c 1987.
|
| 300 |
|
|
|a viii, 255 pages :
|b illustrations ;
|c 25 cm.
|
| 336 |
|
|
|a text
|b txt
|2 rdacontent
|
| 337 |
|
|
|a unmediated
|b n
|2 rdamedia
|
| 338 |
|
|
|a volume
|b nc
|2 rdacarrier
|
| 504 |
|
|
|a Bibliography: pages 247-248.
|
| 500 |
|
|
|a Includes index.
|
| 505 |
0 |
|
|a Marxism, Neo-Marxism, and U.S. sociology / by Rhonda F. Levine and Jerry Lembcke -- Crisis and vitalization / by Albert Szymanski -- New classes and old theories / by Peter Meiksins -- Class and class capacities / by Jerry Lembcke -- Bringing classes back in / by Rhonda F. Levine -- The limits of the world-system perspective / by Alex Dupuy and Barry Truchil -- Race, ethnicity, and class / by James A. Geschwender -- Recent ideological tendencies in urban and regional research / by Richard Peet -- Behind the veil of neutrality / by Peter Seybold -- Feminism / by Albert Szymanski -- Thinking about social class / by Scott G. McNall.
|
| 536 |
|
|
|a From the library of Dr. James H. Copp, February, 2004.
|
| 650 |
|
0 |
|a Sociology
|x Methodology.
|
| 650 |
|
0 |
|a Marxian school of sociology.
|
| 700 |
1 |
|
|a Levine, Rhonda F.
|
| 700 |
1 |
|
|a Lembcke, Jerry,
|d 1943-
|
| 999 |
|
|
|a MARS
|
| 999 |
f |
f |
|s d990241f-a699-34eb-90a3-bb6c4a9b457d
|i 01b84ebd-3796-3d6c-bfad-ce306ba4ab9c
|t 0
|
| 952 |
f |
f |
|p ric
|a Texas A&M University
|b Rellis Campus
|c Joint Library Facility
|d Remote Storage
|t 0
|e HM24 .R39 1987
|h Library of Congress classification
|i unmediated -- volume
|m A14812636898
|
| 998 |
f |
f |
|a HM24 .R39 1987
|t 0
|l Remote Storage
|